000 00590nam a2200193Ia 4500
003 OSt
005 20240801143539.0
008 210210b1984 xxu||||| |||| 00| 0 eng d
040 _cAL
041 _akan
082 _aK894.4 NANK
100 _aNANDIMATHA (S C):
_dನಂದಿಮಠ (ಎಸ್ ಸಿ)
_9174784
245 _aKannada nadina charitre.Bhaga 2:
_bಕನ್ನಡ ನಾಡಿನ ಚರಿತ್ರೆ ಭಾಗ ೨
260 _aBengaluru
_bKannada Sahitya Parishattu
_c1984
300 _a196,viii
690 _aKannada Prose
_9174785
906 _a036741
942 _2ddc
_cBK
999 _c87266
_d87266